| 000 | 01029cam a2200289 i 4500 | ||
|---|---|---|---|
| 001 | 17803632 | ||
| 003 | USPCAS-E | ||
| 005 | 20180118181412.0 | ||
| 008 | 130708s2013 paua b 001 0 eng | ||
| 010 | _a 2013023767 | ||
| 020 | _a9781628250138 (alk. paper) | ||
| 020 | _a1628250135 (alk. paper) | ||
| 040 |
_aDLC _beng _cDLC _erda _dDLC |
||
| 042 | _apcc | ||
| 050 | 0 | 0 |
_aHD69.P75 _bS63 2013 |
| 082 | 0 | 0 |
_a658.40402855 _223 _bSOF 2013 |
| 245 | 0 | 0 | _aSoftware extension to the PMBOK guide, fifth edition. |
| 300 |
_axiii, 268 pages : _billustrations ; _c27 cm |
||
| 502 | _a0 | ||
| 504 | _aIncludes bibliographical references (pages 249-251) and index. | ||
| 650 | 0 |
_aProject management _xData processing. |
|
| 710 | 2 | _aProject Management Institute. | |
| 730 | 0 | _aGuide to the project management body of knowledge (PMBOK guide) | |
| 906 |
_a7 _bcbc _corignew _d1 _eecip _f20 _gy-gencatlg |
||
| 942 |
_2ddc _cBK |
||
| 999 |
_c355746 _d355746 |
||